Introduction to Philippine government and politics: (Record no. 5669)
[ view plain ]
| 000 -LEADER | |
|---|---|
| fixed length control field | 00693nam a2200181 4500 |
| 008 - FIXED-LENGTH DATA ELEMENTS--GENERAL INFORMATION | |
| fixed length control field | 161115b xxu||||| |||| 00| 0 eng d |
| 020 ## - INTERNATIONAL STANDARD BOOK NUMBER | |
| International Standard Book Number | 978-621-406-023-8 |
| 082 ## - DEWEY DECIMAL CLASSIFICATION NUMBER | |
| Edition number | 2015 |
| Classification number | DFil 959.9 |
| Item number | R47i |
| 100 ## - MAIN ENTRY--PERSONAL NAME | |
| 9 (RLIN) | 17404 |
| Personal name | Riodique, Francisco C. |
| 245 ## - TITLE STATEMENT | |
| Title | Introduction to Philippine government and politics: |
| Remainder of title | with basic constitutional principles/ |
| Statement of responsibility, etc. | Francisco C. Riodique and Gil D. Ramos. |
| 260 ## - PUBLICATION, DISTRIBUTION, ETC. (IMPRINT) | |
| Place of publication, distribution, etc. | Manila: |
| Name of publisher, distributor, etc. | Mindshapers Co., Inc., |
| Date of publication, distribution, etc. | c2015. |
| 300 ## - PHYSICAL DESCRIPTION | |
| Extent | xiv, 458 pages: |
| Other physical details | illustrations; |
| Dimensions | 24 cm. |
| 500 ## - GENERAL NOTE | |
| General note | Includes bibliographical references. |
| 650 #0 - SUBJECT ADDED ENTRY--TOPICAL TERM | |
| 9 (RLIN) | 17405 |
| Topical term or geographic name as entry element | Philippines -- Politics and government. |
| 700 ## - ADDED ENTRY--PERSONAL NAME | |
| 9 (RLIN) | 17406 |
| Personal name | Ramos, Gil D. |
| 365 ## - TRADE PRICE | |
| Price amount | 600.00 |
| Currency code | Php |
| 942 ## - ADDED ENTRY ELEMENTS (KOHA) | |
| Source of classification or shelving scheme | Dewey Decimal Classification |
| Koha item type | Filipiniana |
| Withdrawn status | Lost status | Source of classification or shelving scheme | Damaged status | Not for loan | Collection code | Home library | Current library | Shelving location | Date acquired | Source of acquisition | Total Checkouts | Full call number | Barcode | Date last seen | Date last checked out | Copy number | Cost, replacement price | Price effective from | Koha item type |
|---|---|---|---|---|---|---|---|---|---|---|---|---|---|---|---|---|---|---|---|
| Dewey Decimal Classification | Filipiniana | UM Digos College - LIC | UM Digos College - LIC | Book Cart | 10/27/2016 | Purchased | 16 | DFil 959.9 R47i 2015 | 24531 | 05/15/2025 | 09/24/2024 | 1 | 600.00 | 11/15/2016 | Filipiniana |
